Forse tu sola hai compreso : lettere di Eleonora Duse a Emma Lodomez Garzes /
Gorde:
| Egile nagusia: | |
|---|---|
| Beste egile batzuk: | |
| Formatua: | Liburua |
| Hizkuntza: | italiera |
| Argitaratua: |
Venezia :
Marsilio,
2021
|
| Saila: | Ricerche
|
| Etiketak: |
Etiketarik gabe, Izan zaitez lehena erregistro honi etiketa jartzen!
|
MARC
| LEADER | 00000nam a2200000 i 4500 | ||
|---|---|---|---|
| 001 | IT\ICCU\PAR\1275514 | ||
| 003 | ItRI | ||
| 005 | 20260115232054.0 | ||
| 008 | 210708s2021 it |||||| ||||| |||||c | ||
| 020 | |a 9788829710737 | ||
| 040 | |b ita |c importazione bologna sebina | ||
| 041 | 7 | |a ita |2 ISO-639-2 | |
| 100 | 1 | |a Duse, Eleonora |0 IT\ICCU\CFIV\036349 |4 aut | |
| 240 | 1 | 0 | |a Forse tu sola hai compreso |3 IT\ICCU\UBO\4554486 |9 Duse, Eleonora |
| 245 | 1 | 0 | |a Forse tu sola hai compreso : |b lettere di Eleonora Duse a Emma Lodomez Garzes / |c a cura di Marianna Zannoni. |
| 260 | |a Venezia : |b Marsilio, |c 2021 | ||
| 300 | |a 268 p. : |b ill. ; |c 24 cm | ||
| 500 | |a Il titolo della collezione è desunto dal sito dell'editore | ||
| 700 | 1 | |a Lodomez Garzes, Emma |0 IT\ICCU\PARV\582118 |4 oth | |
| 700 | 1 | |a Zannoni, Marianna |0 IT\ICCU\RMRV\156958 |4 edt | |
| 830 | 0 | |a Ricerche |0 IT\ICCU\CFI\0000388 | |
| 942 | |2 ddc |c BK |n 0 | ||
| 952 | |0 0 |1 0 |4 0 |6 L_792_028000000000000_ZAN |7 0 |9 19542 |a BO |b BO |d 2026-01-15 |i 20300 |l 0 |o L 792.028 ZAN |p BO20300 |r 2026-01-15 23:20:54 |w 2026-01-15 |x [Sebina 5] [1 v.] |y BK |z 1 v. | ||
| 999 | |c 16648 |d 16648 | ||